UITU Library & LRC     

Barron's How to Prepare for the TOEFL Test : Test of English As a Foreign Language (Record no. 6761)

MARC details
000 -LEADER
fixed length control field 00554nam a2200181Ia 4500
008 - FIXED-LENGTH DATA ELEMENTS--GENERAL INFORMATION
fixed length control field 240925s9999 xx 000 0 und d
020 ## - INTERNATIONAL STANDARD BOOK NUMBER
International Standard Book Number 812042778
082 ## - DEWEY DECIMAL CLASSIFICATION NUMBER
Classification number 428.24076 SHA
100 ## - MAIN ENTRY--PERSONAL NAME
Personal name Sharpe ,J. Pamela
245 #0 - TITLE STATEMENT
Title Barron's How to Prepare for the TOEFL Test : Test of English As a Foreign Language
250 ## - EDITION STATEMENT
Edition statement 6th
260 ## - PUBLICATION, DISTRIBUTION, ETC.
Place of publication, distribution, etc. New York:
Name of publisher, distributor, etc. Barrons Educa Series
Date of publication, distribution, etc. ,1986.
300 ## - PHYSICAL DESCRIPTION
Extent xx,1237p.
Other physical details NA
Type of unit Original
500 ## - GENERAL NOTE
General note Includes Illustrations
600 ## - SUBJECT ADDED ENTRY--PERSONAL NAME
Personal name Humanities & Natural Science
650 ## - SUBJECT ADDED ENTRY--TOPICAL TERM
Topical term or geographic name entry element English and Old English
942 ## - ADDED ENTRY ELEMENTS (KOHA)
Koha item type Books
Holdings
Withdrawn status Lost status Damaged status Not for loan Collection Home library Current library Date acquired Source of acquisition Total checkouts Full call number Barcode Date last seen Price effective from Koha item type
        Humanities & Basic Sciences UITU Library UITU Library 02/26/2002 Gifted   428.24076 SHA Q4262 09/25/2024 09/25/2024 Books

Powered by Koha